Príspevok ku kvalimetrickému hodnoteniu potravín

Salvato in:
Dettagli Bibliografici
Autore principale: Svobodová, D.
Altri autori: Repka, J., Kollár, Vojtech, Macejová, Eva
Natura: Capitolo di libro
Lingua:slovacco
Tags: Aggiungi Tag
Nessun Tag, puoi essere il primo ad aggiungerne!!

MARC

LEADER 00000naa$a2200000$$$4500
001 0158120
005 20240502072744.9
041 0 |a slo 
044 |a SK 
245 1 0 |a Príspevok ku kvalimetrickému hodnoteniu potravín  |c D. Svobodová, J. Repka, Vojtech Kollár, Eva Macejová 
100 1 |a Svobodová, D. 
700 1 |a Repka, J. 
700 1 |a Kollár, Vojtech 
700 1 |a Macejová, Eva